[Event "Steyr Landesliga 2122"]
[Site "Austria"]
[Date "2021.10.16"]
[Round "1.1"]
[White "Borhy, Marcell Boldizsar"]
[Black "Ofner, Maximilian"]
[Result "1-0"]
[WhiteElo "2374"]
[BlackElo "2192"]
[PlyCount "51"]
[EventDate "2021.10.16"]
[EventType "team-tourn"]
[EventRounds "11"]
[EventCountry "AUT"]
[SourceTitle "EXT 2023"]
[Source "ChessBase"]
[SourceDate "2022.10.05"]
[SourceVersion "1"]
[SourceVersionDate "2022.10.05"]
[SourceQuality "1"]
[WhiteTeam "Pinggau Friedberg"]
[BlackTeam "Gleisdorf"]
[WhiteTeamCountry "AUT"]
[BlackTeamCountry "AUT"]

1. Nf3 d5 2. d4 Nf6 3. c4 e6 4. g3 dxc4 5. Bg2 Nc6 6. Qa4 Bd7 7. Qxc4 Na5 8. Qd3 c5 9. 0-0 Be7 10. Rd1 0-0 11. Nc3 Bc6 12. e4 cxd4 13. Nxd4 Bc5 14. Be3 Qe7 15. Rac1 Bxd4 16. Bxd4 e5 17. Nd5 Bxd5 18. Bc5 Bc4 19. Qa3 Qe6 20. Bxf8 Nc6 21. Bc5 Bxa2 22. Rc3 Bc4 23. Rd6 Rd8 24. Rxd8+ Nxd8 25. Qxa7 Nd7 26. Qa8 1-0

[Event "AUT-ch Zwisch Internet"]
[Site "Playchess.com INT"]
[Date "2020.05.02"]
[Round "9"]
[White "Diermair, Andreas"]
[Black "Ofner, Maximilian"]
[Result "1/2-1/2"]
[WhiteElo "2465"]
[BlackElo "2177"]
[PlyCount "87"]
[EventDate "2020.05.02"]
[EventType "swiss (blitz)"]
[EventRounds "13"]
[EventCountry "AUT"]
[SourceTitle "CBM 195 Extra"]
[Source "ChessBase"]
[SourceDate "2020.05.31"]
[SourceVersion "1"]
[SourceVersionDate "2020.05.31"]
[SourceQuality "1"]

1. d4 d5 2. c4 e6 3. Nf3 Nf6 4. g3 dxc4 5. Bg2 Nc6 6. 0-0 Rb8 7. e3 b5 8. b3 cxb3 9. axb3 Be7 10. Bd2 0-0 11. Qe2 a6 12. Rc1 Nb4 13. Bxb4 Bxb4 14. Ne5 Bb7 15. Bxb7 Rxb7 16. Rxa6 Qd5 17. Nc6 Qxb3 18. e4 Rb6 19. Rxb6 cxb6 20. Qxb5 Qb2 21. Rf1 Bc3 22. Qd3 Ba5 23. Na3 Qc3 24. Qxc3 Bxc3 25. Nb5 Ba5 26. f3 g6 27. Ra1 Bd2 28. Ra7 Kg7 29. Kf2 Rc8 30. Rxf7+ Kg8 31. Rxf6 Rxc6 32. Ke2 Ba5 33. d5 Rc2+ 34. Kd3 Rd2+ 35. Ke3 exd5 36. e5 Rxh2 37. e6 Bb4 38. Nd4 Bc5 39. Kd3 Ra2 40. Nc6 Ra3+ 41. Kc2 Ra2+ 42. Kd3 Ra3+ 43. Kd2 Ra2+ 44. Kd3 1/2-1/2

[Event "AUT-ch Vor3 Internet"]
[Site "Playchess.com INT"]
[Date "2020.04.17"]
[Round "6"]
[White "Riemelmoser, Stefan"]
[Black "Ofner, Maximilian"]
[Result "0-1"]
[WhiteElo "2046"]
[BlackElo "2177"]
[PlyCount "102"]
[EventDate "2020.04.17"]
[EventType "swiss (blitz)"]
[EventRounds "9"]
[EventCountry "AUT"]
[SourceTitle "CBM 195 Extra"]
[Source "ChessBase"]
[SourceDate "2020.05.31"]
[SourceVersion "1"]
[SourceVersionDate "2020.05.31"]
[SourceQuality "1"]

1. e4 c6 2. d4 d5 3. exd5 cxd5 4. c4 Nf6 5. Nc3 Nc6 6. Nf3 g6 7. Qb3 Bg7 8. cxd5 Nb8 9. Be2 0-0 10. 0-0 Na6 11. Bf4 Nc7 12. Bxc7 Qxc7 13. Rac1 Qd6 14. Ne5 a6 15. Nc4 Qf4 16. Nb6 Rb8 17. Qb4 Bg4 18. h3 Bxe2 19. Nxe2 Qg5 20. Ng3 Nxd5 21. Nxd5 Qxd5 22. Qxe7 Qxd4 23. Rc2 b5 24. b3 a5 25. Re2 a4 26. Rc1 axb3 27. axb3 Bf6 28. Qc5 Qxc5 29. Rxc5 Rfc8 30. Ne4 Rxc5 31. Nxc5 Bc3 32. Rc2 b4 33. Ne4 Rc8 34. Kf1 f5 35. Nxc3 bxc3 36. Ke2 Kf7 37. Kd3 Ke6 38. Rxc3 Rd8+ 39. Ke2 Rb8 40. Ke3 g5 41. Kd3 Ke5 42. g3 Rb5 43. Kc4 Rb8 44. b4 f4 45. b5 fxg3 46. fxg3 h5 47. Rb3 Ke4 48. b6 g4 49. hxg4 hxg4 50. Kc5 Rc8+ 51. Kd6 Rf8 0-1

[Event "AUT-ch Vor1 Internet"]
[Site "Playchess.com INT"]
[Date "2020.04.11"]
[Round "7"]
[White "Kienboeck, Benjamin"]
[Black "Ofner, Maximilian"]
[Result "0-1"]
[WhiteElo "1922"]
[BlackElo "2177"]
[PlyCount "168"]
[EventDate "2020.04.11"]
[EventType "swiss (blitz)"]
[EventRounds "9"]
[EventCountry "AUT"]
[SourceTitle "CBM 195 Extra"]
[Source "ChessBase"]
[SourceDate "2020.05.31"]
[SourceVersion "1"]
[SourceVersionDate "2020.05.31"]
[SourceQuality "1"]

1. e4 c6 2. d4 d5 3. Nc3 dxe4 4. Nxe4 Bf5 5. Ng3 Bg6 6. Nf3 Nd7 7. h4 h6 8. Bd3 Bxd3 9. Qxd3 e6 10. Bd2 Ngf6 11. 0-0-0 Qc7 12. Ne4 Nxe4 13. Qxe4 Nf6 14. Qe2 0-0-0 15. Kb1 c5 16. Be3 Nd5 17. Ne5 Bd6 18. Qf3 cxd4 19. Nxf7 dxe3 20. Nxh8 Rxh8 21. fxe3 Qb6 22. e4 Rf8 23. Qd3 Be5 24. Qb3 Qxb3 25. axb3 Nf4 26. g3 Ne2 27. g4 Ng3 28. Rhe1 Rf4 29. g5 Rxh4 30. gxh6 gxh6 31. Ka2 Rh2 32. Kb1 h5 33. Rd3 Re2 34. Red1 h4 35. Rd8+ Kc7 36. R1d7+ Kc6 37. Re7 Re1+ 38. Ka2 Rxe4 39. Rxe6+ Kc7 40. Rde8 h3 41. Rh6 Bf4 42. Rxe4 Nxe4 43. Rxh3 Bd6 44. Rh7+ Kc6 45. Rh4 Nf6 46. c3 Nd5 47. b4 a6 48. Kb3 Nb6 49. c4 Nd7 50. Rh6 Kc7 51. c5 Bf4 52. Rh7 Kc6 53. Rf7 Be5 54. Kc4 Bxb2 55. Kb3 Be5 56. Rh7 Bf4 57. Kc4 Be3 58. Rg7 Bf4 59. Rg6+ Kc7 60. Kd5 Bd2 61. Kc4 Ne5+ 62. Kd4 Nxg6 63. b5 axb5 64. Kd3 Kc6 65. Kxd2 Kxc5 66. Kc3 b4+ 67. Kb3 Kb5 68. Kb2 Kc4 69. Kc2 b3+ 70. Kb2 Kb4 71. Kb1 Ka3 72. Ka1 Nf4 73. Kb1 b2 74. Kc2 Ka2 75. Kd2 b1Q 76. Ke3 Qb4 77. Kf3 Qd4 78. Kg3 Ng6 79. Kf3 b5 80. Kg3 Qf4+ 81. Kg2 Qe3 82. Kh2 Nf4 83. Kh1 Qh3+ 84. Kg1 Qg2# 0-1

[Event "AUT-ch Vor1 Internet"]
[Site "Playchess.com INT"]
[Date "2020.04.11"]
[Round "8"]
[White "Ofner, Maximilian"]
[Black "Knoll, Martin"]
[Result "1/2-1/2"]
[WhiteElo "2177"]
[BlackElo "2018"]
[PlyCount "109"]
[EventDate "2020.04.11"]
[EventType "swiss (blitz)"]
[EventRounds "9"]
[EventCountry "AUT"]
[SourceTitle "CBM 195 Extra"]
[Source "ChessBase"]
[SourceDate "2020.05.31"]
[SourceVersion "1"]
[SourceVersionDate "2020.05.31"]
[SourceQuality "1"]

1. e4 c6 2. d4 d5 3. Nc3 Nf6 4. e5 Nfd7 5. Nf3 e6 6. Ne2 c5 7. c3 cxd4 8. cxd4 Nc6 9. g3 Bb4+ 10. Bd2 Qa5 11. a3 Bxd2+ 12. Qxd2 Qxd2+ 13. Nxd2 Nb6 14. 0-0-0 Bd7 15. Nc3 a6 16. Nb3 Rc8 17. Kb1 Ke7 18. Nc5 Rc7 19. f4 Na5 20. Nxd7 Kxd7 21. g4 Rhc8 22. f5 Nac4 23. Bxc4 Nxc4 24. fxe6+ fxe6 25. Ne2 Ne3 26. Rc1 Rxc1+ 27. Nxc1 Rf8 28. h3 Rf4 29. Nb3 b6 30. a4 Nc4 31. Rh2 a5 32. g5 g6 33. h4 Ne3 34. h5 Nf5 35. hxg6 hxg6 36. Rh7+ Kc6 37. Rh8 Rg4 38. Re8 Kd7 39. Rb8 Nxd4 40. Nxd4 Rxd4 41. Rxb6 Rxa4 42. Rb7+ Kc6 43. Re7 Rg4 44. Rxe6+ Kc5 45. Rxg6 d4 46. e6 Kd6 47. Kc2 Rg3 48. b3 Rc3+ 49. Kd2 Rxb3 50. Rf6 Rg3 51. g6 Ke7 52. Rf4 d3 53. Ra4 Rxg6 54. Rxa5 Rxe6 55. Kxd3 1/2-1/2

[Event "Steyr Landesliga 1920"]
[Site "Austria"]
[Date "2019.09.28"]
[Round "1.3"]
[White "Perhinig, Robert"]
[Black "Ofner, Maximilian"]
[Result "1-0"]
[WhiteElo "2289"]
[BlackElo "2166"]
[PlyCount "185"]
[EventDate "2019.09.28"]
[EventType "team-tourn"]
[EventRounds "11"]
[EventCountry "AUT"]
[SourceTitle "CBM 193 Extra"]
[Source "ChessBase"]
[SourceDate "2020.01.31"]
[SourceVersion "1"]
[SourceVersionDate "2020.01.31"]
[SourceQuality "1"]
[WhiteTeam "Graz Schachgesellschaft"]
[BlackTeam "Graz Austria"]
[WhiteTeamCountry "AUT"]
[BlackTeamCountry "AUT"]

1. d4 d5 2. c4 e6 3. cxd5 exd5 4. Nc3 Nf6 5. Bg5 Be7 6. e3 c6 7. Qc2 Nbd7 8. Bd3 Nh5 9. Bxe7 Qxe7 10. Nge2 g6 11. 0-0-0 Nb6 12. h3 Bd7 13. Kb1 0-0-0 14. Ka1 Kb8 15. Na4 Nxa4 16. Qxa4 Nf6 17. Nc3 Rhe8 18. Qc2 Be6 19. Na4 Nd7 20. b4 b5 21. Nc5 Nxc5 22. bxc5 Rd7 23. Rb1 Rb7 24. Qc3 Qf6 25. Rb2 Bf5 26. Be2 g5 27. a4 a6 28. axb5 axb5 29. Ra2 Kc7 30. Kb2 Bg6 31. Rf1 Kd7 32. Ra6 Ke7 33. Bd3 Kf8 34. Bxg6 hxg6 35. Qd3 Kg7 36. Kc2 Ree7 37. f3 Qe6 38. Kd2 Rec7 39. Rfa1 Qe7 40. e4 dxe4 41. Qxe4 Qf6 42. Kd3 Rc8 43. Ra7 Rxa7 44. Rxa7 Rd8 45. Rc7 Rd5 46. Ke3 Kh7 47. g3 Kg7 48. Re7 Rd8 49. Rc7 Rd5 50. Rc8 Kh7 51. Rc7 Kg7 52. Rb7 Rd8 53. Rb6 Rc8 54. Qe5 Qxe5+ 55. dxe5 Rc7 56. Rb8 f6 57. f4 fxe5 58. fxe5 Kf7 59. Ke4 Ra7 60. Rb6 Ra4+ 61. Kf3 Ke6 62. Rxc6+ Kxe5 63. Rxg6 Kf5 64. Rb6 Ra3+ 65. Kf2 Rb3 66. c6 Ke4 67. c7 Rb2+ 68. Ke1 Rc2 69. Rxb5 g4 70. Rb4+ Ke3 71. Kd1 Rxc7 72. Rxg4 Kf3 73. Rg5 Rd7+ 74. Kc2 Ke4 75. Kc3 Rd1 76. Kc4 Rc1+ 77. Kb5 Rc3 78. h4 Rc1 79. h5 Rc8 80. Kb6 Rc1 81. g4 Kf4 82. Rg6 Ke5 83. h6 Kd5 84. g5 Rb1+ 85. Kc7 Ra1 86. Kb7 Rb1+ 87. Kc8 Rc1+ 88. Kd8 Ra1 89. Ke7 Ke5 90. Rg7 Kf5 91. Kd6 Ra6+ 92. Kc5 Rg6 93. Rxg6 1-0

[Event "AUT-chT2M 1617"]
[Site "Austria"]
[Date "2017.03.24"]
[Round "9.2"]
[White "Mostbauer, Florian"]
[Black "Ofner, Maximilian"]
[Result "0-1"]
[WhiteElo "2261"]
[BlackElo "2189"]
[PlyCount "94"]
[EventDate "2016.10.07"]
[EventType "team-tourn"]
[EventRounds "11"]
[EventCountry "AUT"]
[SourceTitle "CBM 177 Extra"]
[Source "ChessBase"]
[SourceDate "2017.04.27"]
[SourceVersion "1"]
[SourceVersionDate "2017.04.27"]
[SourceQuality "1"]
[WhiteTeam "Ansfelden"]
[BlackTeam "Gleisdorf"]
[WhiteTeamCountry "AUT"]
[BlackTeamCountry "AUT"]

1. d4 d5 2. Bf4 c5 3. e3 cxd4 4. exd4 Nc6 5. c3 Bf5 6. Qb3 Qd7 7. Nf3 e6 8. Nbd2 Bd6 9. Bxd6 Qxd6 10. Nh4 Nf6 11. Bb5 Be4 12. 0-0 0-0 13. f3 Qf4 14. fxe4 Qxd2 15. e5 Qe3+ 16. Kh1 Ne4 17. Qc2 Qh6 18. Nf3 Ng3+ 19. Kg1 Nxf1 20. Rxf1 a6 21. Bd3 Rac8 22. Qe2 f6 23. exf6 Rxf6 24. g4 Qh3 25. g5 Rf4 26. Kh1 Rcf8 27. Nd2 Rxf1+ 28. Nxf1 Qf3+ 29. Kg1 Qxe2 30. Bxe2 Kf7 31. Ng3 Ke7 32. Bd3 h6 33. g6 e5 34. Nh5 e4 35. Be2 Rf5 36. h4 Rxh5 37. Bxh5 Kf6 38. Kf2 Ne7 39. Ke3 Nf5+ 40. Kf4 Nxh4 41. c4 Nxg6+ 42. Ke3 Ne7 43. cxd5 Nf5+ 44. Kd2 Nxd4 45. Kc3 Ke5 46. Kc4 Nf5 47. Kc5 e3 0-1

[Event "AUT-chT2M 1516"]
[Site "Austria"]
[Date "2016.02.27"]
[Round "7.5"]
[White "Ofner, Maximilian"]
[Black "Kainz, Josef"]
[Result "1-0"]
[WhiteElo "2146"]
[BlackElo "1948"]
[PlyCount "55"]
[EventDate "2015.10.02"]
[EventType "team-tourn"]
[EventRounds "11"]
[EventCountry "AUT"]
[SourceTitle "EXT 2017"]
[Source "ChessBase"]
[SourceDate "2016.10.25"]
[SourceVersion "1"]
[SourceVersionDate "2016.10.25"]
[SourceQuality "1"]
[WhiteTeam "Gleisdorf"]
[BlackTeam "Villach Admira"]
[WhiteTeamCountry "AUT"]
[BlackTeamCountry "AUT"]

1. e4 c5 2. Nf3 Nc6 3. Bb5 g6 4. Bxc6 bxc6 5. 0-0 Nf6 6. e5 Nd5 7. d4 cxd4 8. Qxd4 Bg7 9. Qh4 Rb8 10. c4 Nb4 11. a3 Nd3 12. Bh6 Bxh6 13. Qxh6 Nxb2 14. Qg7 Rf8 15. Ng5 e6 16. Nxh7 Qe7 17. Qxf8+ Qxf8 18. Nxf8 Kxf8 19. Nd2 Nd3 20. Rab1 Rxb1 21. Rxb1 Ke7 22. Rb8 Ba6 23. Ra8 Nxe5 24. Rxa7 Bxc4 25. f4 Nd3 26. Nxc4 Nxf4 27. Ne5 Kd6 28. Nxf7+ 1-0

[Event "St Veit op 34th"]
[Site "St Veit"]
[Date "2015.07.13"]
[Round "4"]
[White "Sandhoefner, Florian"]
[Black "Ofner, Maximilian"]
[Result "1/2-1/2"]
[WhiteElo "2333"]
[BlackElo "2157"]
[PlyCount "82"]
[EventDate "2015.07.11"]
[EventType "swiss"]
[EventRounds "9"]
[EventCountry "AUT"]
[SourceTitle "EXT 2016"]
[Source "ChessBase"]
[SourceDate "2015.10.08"]
[SourceVersion "1"]
[SourceVersionDate "2015.10.08"]
[SourceQuality "1"]

1. e4 c6 2. d4 d5 3. e5 c5 4. dxc5 e6 5. Be3 Nh6 6. c3 Nf5 7. Bd4 Nc6 8. Nf3 b6 9. cxb6 axb6 10. Bd3 Nfxd4 11. cxd4 Bb4+ 12. Nc3 Ba6 13. 0-0 Bxc3 14. bxc3 0-0 15. a4 Na5 16. Bxa6 Rxa6 17. Qd3 Nc4 18. Nd2 Nxd2 19. Qxa6 Nxf1 20. Kxf1 Qc7 21. Ra3 f6 22. a5 fxe5 23. axb6 Qf7 24. Ra2 Qf4 25. Qe2 Qxh2 26. Qxe5 Qh1+ 27. Ke2 Qxg2 28. Qxe6+ Kh8 29. Qe3 Qg4+ 30. Kd2 Qg1 31. b7 Rxf2+ 32. Qxf2 Qxf2+ 33. Kd1 Qg1+ 34. Kd2 Qg5+ 35. Kd1 Qg1+ 36. Kd2 Qf2+ 37. Kd1 Qf1+ 38. Kd2 Qg2+ 39. Kd1 Qf3+ 40. Kd2 Qg2+ 41. Kd1 Qf1+ 1/2-1/2